| 000 | 01402nam a2200349Ia 4500 | ||
|---|---|---|---|
| 001 | ebr10173533 | ||
| 003 | CaPaEBR | ||
| 006 | m u | ||
| 007 | cr cn||||||||| | ||
| 008 | 050822s2006 mau sb 001 0 eng d | ||
| 010 | _z 2005054002 | ||
| 020 | _z0262232502 (alk. paper) | ||
| 040 |
_aCaPaEBR _cCaPaEBR |
||
| 035 | _a(OCoLC)69648323 | ||
| 050 | 1 | 4 |
_aHC59.7 _b.W535 2006eb |
| 082 | 0 | 4 |
_a337/.09172/409041 _222 |
| 100 | 1 |
_aWilliamson, Jeffrey G., _d1935- |
|
| 245 | 1 | 0 |
_aGlobalization and the poor periphery before 1950 _h[electronic resource] / _cJeffrey G. Williamson. |
| 260 |
_aCambridge, MA : _bMIT Press, _c2006. |
||
| 300 | _ax, 189 p. | ||
| 490 | 1 |
_aOhlin lectures ; _v10 |
|
| 504 | _aIncludes bibliographical references and index. | ||
| 533 |
_aElectronic reproduction. _bPalo Alto, Calif. : _cebrary, _d2009. _nAvailable via World Wide Web. _nAccess may be limited to ebrary affiliated libraries. |
||
| 650 | 0 |
_aIndustrialization _xHistory _y20th century. |
|
| 650 | 0 |
_aGlobalization _xHistory _y20th century. |
|
| 650 | 0 |
_aEconomic history _y20th century. |
|
| 651 | 0 |
_aDeveloping countries _xEconomic conditions _y20th century. |
|
| 655 | 7 |
_aElectronic books. _2local |
|
| 710 | 2 | _aebrary, Inc. | |
| 830 | 0 |
_aOhlin lectures ; _v10. |
|
| 856 | 4 | 0 |
_uhttp://site.ebrary.com/lib/rucke/Doc?id=10173533 _zAn electronic book accessible through the World Wide Web; click to view |
| 999 |
_c248253 _d248253 |
||